Research For Social Workers: An Introduction to methods. (Record no. 619506)

MARC details
000 -LEADER
fixed length control field 00544nam a2200181 a 4500
008 - FIXED-LENGTH DATA ELEMENTS--GENERAL INFORMATION
fixed length control field 260416s2026##################000#0#eng##
020 ## - INTERNATIONAL STANDARD BOOK NUMBER
ISBN 9780415307222
Paper back/Hardbound hbk
041 ## - LANGUAGE CODE
Language code of text/sound track or separate title Eng
082 04 - DEWEY DECIMAL CLASSIFICATION NUMBER
Classification number 361.3072 ALS
100 ## - MAIN ENTRY--AUTHOR NAME
Personal name Alston,Margaret.
245 10 - TITLE STATEMENT
Title Research For Social Workers: An Introduction to methods.
Statement of responsibility, etc /by Margaret Alston and Wendy Bowles.
250 ## - EDITION STATEMENT
Edition statement 2nd ed
260 ## - PUBLICATION, DISTRIBUTION, ETC. (IMPRINT)
Place of publication London:
Name of publisher Routledge,
Year of publication 2003.
300 ## - PHYSICAL DESCRIPTION
Number of Pages vii;332p.
Dimensions 21 cm.
650 ## - SUBJECT ADDED ENTRY--TOPICAL TERM
Topical Term Social Problems, Social Science.
942 ## - ADDED ENTRY ELEMENTS (KOHA)
Koha item type English Books
Holdings
Withdrawn status Lost status Damaged status Not for loan Home library Current library Shelving location Date acquired Full call number Accession Number Price effective from Koha item type
        Anna Centenary Library Anna Centenary Library 4TH FLOOR, A WING 16.04.2026 361.3072 ALS 171181 16.04.2026 English Books

Find us on the map